| 000 -LEADER | |
|---|---|
| fixed length control field | 00467nam a22001817a 4500 |
| 005 - DATE AND TIME OF LATEST TRANSACTION | |
| control field | 20180206141812.0 |
| 008 - FIXED-LENGTH DATA ELEMENTS--GENERAL INFORMATION | |
| fixed length control field | 160614b xxu||||| |||| 00| 0 eng d |
| 020 ## - INTERNATIONAL STANDARD BOOK NUMBER | |
| ISBN | 978-81-265-2051-0 |
| 041 ## - LANGUAGE CODE | |
| Language code of text/sound track or separate title | eng |
| 082 ## - DEWEY DECIMAL CLASSIFICATION NUMBER | |
| Item number | 7444 |
| Classification number | 005.43 |
| 100 ## - MAIN ENTRY--AUTHOR NAME | |
| Personal name | Silkarschatz, Abraham and Others |
| 245 ## - TITLE STATEMENT | |
| Title | Operating System Concepts |
| 250 ## - EDITION STATEMENT | |
| Edition statement | 8th ed. |
| 260 ## - PUBLICATION, DISTRIBUTION, ETC. (IMPRINT) | |
| Name of publisher | Wily India |
| Place of publication | new delhi |
| Year of publication | 2010 |
| 300 ## - PHYSICAL DESCRIPTION | |
| Number of Pages | 921 |
| 650 ## - SUBJECT ADDED ENTRY--TOPICAL TERM | |
| Topical Term | Information Technology |
| 942 ## - ADDED ENTRY ELEMENTS (KOHA) | |
| Koha item type | Books |
| Lost status | Damaged status | Collection code | Home library | Shelving location | Date acquired | Full call number | Accession Number | Koha item type | Current library |
|---|---|---|---|---|---|---|---|---|---|
| CS/IT | JRU Library | SHELF-51-A | 14/06/2016 | 005.43 | 7444 | Books | |||
| CS/IT | JRU Library | SHELF-51-A | 14/06/2016 | 005.43 | 7445 | Books | JRU Library | ||
| JRU Library | SHELF-4-D | 14/06/2016 | 005.43 | 7446 | Books |